A dictionary of statistics / (Record no. 3023)
[ view plain ]
| 000 -LEADER | |
|---|---|
| fixed length control field | 01040cam a22002534a 4500 |
| 001 - CONTROL NUMBER | |
| control field | 12790046 |
| 005 - DATE AND TIME OF LATEST TRANSACTION | |
| control field | 20250124132133.0 |
| 008 - FIXED-LENGTH DATA ELEMENTS--GENERAL INFORMATION | |
| fixed length control field | 020528s2002 enka bd 000 0 eng |
| 020 ## - INTERNATIONAL STANDARD BOOK NUMBER | |
| International Standard Book Number | 0192801007 |
| 020 ## - INTERNATIONAL STANDARD BOOK NUMBER | |
| International Standard Book Number | 0198609507 (2004 printing) |
| 050 00 - LIBRARY OF CONGRESS CALL NUMBER | |
| Classification number | QA276.14 |
| Item number | .U67 2002 |
| 082 00 - DEWEY DECIMAL CLASSIFICATION NUMBER | |
| Classification number | 519.5/03 |
| Edition information | 21 |
| 100 1# - MAIN ENTRY--PERSONAL NAME | |
| Personal name | Upton, Graham J. G. |
| 245 12 - TITLE STATEMENT | |
| Title | A dictionary of statistics / |
| Statement of responsibility, etc. | Graham Upton and Ian Cook. |
| 260 ## - PUBLICATION, DISTRIBUTION, ETC. | |
| Place of publication, distribution, etc. | Oxford ; |
| -- | New York : |
| Name of publisher, distributor, etc. | Oxford University Press, |
| Date of publication, distribution, etc. | 2002. |
| 300 ## - PHYSICAL DESCRIPTION | |
| Extent | viii, 420 p. : |
| Other physical details | ill. ; |
| Dimensions | 20 cm. |
| 650 #0 - SUBJECT ADDED ENTRY--TOPICAL TERM | |
| Topical term or geographic name entry element | Mathematical statistics |
| Form subdivision | Dictionaries. |
| 700 1# - ADDED ENTRY--PERSONAL NAME | |
| Personal name | Cook, Ian |
| Fuller form of name | (Ian T.) |
| 856 42 - ELECTRONIC LOCATION AND ACCESS | |
| Materials specified | Publisher description |
| Uniform Resource Identifier | <a href="http://www.loc.gov/catdir/enhancements/fy0613/2002074259-d.html">http://www.loc.gov/catdir/enhancements/fy0613/2002074259-d.html</a> |
| 856 41 - ELECTRONIC LOCATION AND ACCESS | |
| Materials specified | Table of contents only |
| Uniform Resource Identifier | <a href="http://www.loc.gov/catdir/enhancements/fy0613/2002074259-t.html">http://www.loc.gov/catdir/enhancements/fy0613/2002074259-t.html</a> |
| 856 41 - ELECTRONIC LOCATION AND ACCESS | |
| Uniform Resource Identifier | <a href="http://www.oxfordreference.com/views/BOOK_SEARCH.html?book=t106">http://www.oxfordreference.com/views/BOOK_SEARCH.html?book=t106</a> |
| 856 42 - ELECTRONIC LOCATION AND ACCESS | |
| Materials specified | Contributor biographical information |
| Uniform Resource Identifier | <a href="http://www.loc.gov/catdir/enhancements/fy0725/2002074259-b.html">http://www.loc.gov/catdir/enhancements/fy0725/2002074259-b.html</a> |
| 942 ## - ADDED ENTRY ELEMENTS (KOHA) | |
| Source of classification or shelving scheme | Library of Congress Classification |
| Koha item type | Books |
| Suppress in OPAC | No |
| 999 ## - | |
| -- | 3023 |
| -- | 3023 |
| Withdrawn status | Lost status | Source of classification or shelving scheme | Damaged status | Not for loan | Collection | Home library | Current library | Shelving location | Date acquired | Total checkouts | Full call number | Barcode | Date last seen | Copy number | Price effective from | Koha item type |
|---|---|---|---|---|---|---|---|---|---|---|---|---|---|---|---|---|
| Library of Congress Classification | Non-fiction | Graduate Library (Christ Temple) | Graduate Library (Christ Temple) | Reference | 01/24/2025 | REF QA 276.14 UPT | GSCT00000337 | 01/24/2025 | 1 | 01/24/2025 | Books |